Karrier Napok

Elmentve itt :
Bibliográfiai részletek
Dokumentumtípus: Cikk
Megjelent: 2010-09-29
Sorozat:Délmagyarország 100 No. 227
Kulcsszavak:Őszi Karrier Napok
Online Access:http://dmarchiv.bibl.u-szeged.hu/129154
LEADER 00390nab a2200145 i 4500
001 delm129154
005 20200204151042.0
008 200204s2010 hu o 0|| hun d
040 |a SZTE Délmagyarország Archívum  |b hun 
041 |a hun 
245 0 0 |a Karrier Napok  |h [elektronikus dokumentum] 
260 |c 2010-09-29 
300 |a 4 
490 0 |a Délmagyarország  |v 100 No. 227 
695 |a Őszi Karrier Napok